Statistics for UK Train Operating Companies

Click here to take the quiz!

General Stats

  • This quiz has been taken 663 times
  • The average score is 16 of 30

Answer Stats

Company% Correct
Great Western Railway
82%
Northern
81%
Southern
78%
Scotrail
77%
Crosscountry
69%
Avanti West Coast
68%
London North Eastern Railway
68%
Southeastern
67%
Thameslink
67%
South Western Railway
66%
East Midlands Railway
61%
Transpennine Express
59%
Transport For Wales
59%
Greater Anglia
56%
West Midlands Railway
53%
Grand Central Railway
48%
London Northwestern Railway
46%
Merseyrail
46%
c2c
45%
Gatwick Express
45%
Hull Trains
45%
Chiltern Railways
44%
Great Northern
44%
Heathrow Express
43%
London Overground
41%
Caledonian Sleeper
34%
Transport For London
33%
London Underground
31%
Stansted Express
21%
Island Line
16%

Score Distribution

Percentile by Number Answered

Percent of People with Each Score

Your Score History

You have not taken this quiz